LDR 00828naa#a2200169#i#450# 001 RU\INFRA-M\bibl\15458 005 20260429002718.3 011 ## _a2309-3633 100 ## _a20170316b2017####ek#y0rusy0150####ca 101 0# _aRUS 102 ## _aRU 200 1# _aО некоторых подходах к совершенствованию региональной системы государственного регулирования предпринимательской деятельности _eЖурнальная статья 210 1# _aМосква _cОбщество с ограниченной ответственностью «Научно-издательский центр ИНФРА-М» _d2017 215 ## _a5 с. 608 ## _aЖурнальная статья _2local 700 #1 _aЗайнашев _gР. Р. 856 4# _anaukaru.ru _u